Rasacikiţsā. (Record no. 76264)
[ view plain ]
| 000 -LEADER | |
|---|---|
| fixed length control field | 00730cam a22002531 4500 |
| 001 - CONTROL NUMBER | |
| control field | sa 67006980 |
| 003 - CONTROL NUMBER IDENTIFIER | |
| control field | DLC |
| 005 - DATE AND TIME OF LATEST TRANSACTION | |
| control field | 20260227112411.0 |
| 008 - FIXED-LENGTH DATA ELEMENTS--GENERAL INFORMATION | |
| fixed length control field | 810725m19351963xx 000 0 ben |
| 010 ## - LIBRARY OF CONGRESS CONTROL NUMBER | |
| LC control number | sa 67006980 |
| 035 ## - SYSTEM CONTROL NUMBER | |
| System control number | (OCoLC)14753955 |
| 040 ## - CATALOGING SOURCE | |
| Original cataloging agency | DLC |
| Transcribing agency | DNLM |
| Modifying agency | DLC |
| 042 ## - AUTHENTICATION CODE | |
| Authentication code | premarc |
| 050 00 - LIBRARY OF CONGRESS CALL NUMBER | |
| Classification number | RS180.I3 |
| Item number | C52 |
| 060 0# - NATIONAL LIBRARY OF MEDICINE CALL NUMBER | |
| Classification number | QV 4 |
| Item number | C495r |
| 100 1# - MAIN ENTRY--PERSONAL NAME | |
| Personal name | Chatterjee, Prabhakar, |
| Dates associated with a name | 1903- |
| 245 10 - TITLE STATEMENT | |
| Title | Rasacikiţsā. |
| Remainder of title | A treatise on Ayurvedic chemistry of medicine. |
| 260 ## - PUBLICATION, DISTRIBUTION, ETC. | |
| Date of publication, distribution, etc. | [1935-1963 or 4; v. 1, 1959] |
| 300 ## - PHYSICAL DESCRIPTION | |
| Extent | 3 v. |
| 500 ## - GENERAL NOTE | |
| General note | Vol. 3: 2. [in vernacular]. |
| 500 ## - GENERAL NOTE | |
| General note | Vol. 3 has imprint: [in vernacular]. |
| 500 ## - GENERAL NOTE | |
| General note | In Bengali. |
| 740 2# - ADDED ENTRY--UNCONTROLLED RELATED/ANALYTICAL TITLE | |
| Uncontrolled related/analytical title | A treatise on Ayurvedic chemistry of medicine |
No items available.